Crónica de una muerte anunciada /
Guardado en:
| Autor Principal: | |
|---|---|
| Formato: | Libro |
| Publicado: |
Buenos Aires :
Sudamericana,
2001.
|
| Edición: | 77a. ed. |
| Materias: | |
| Etiquetas: |
Agregar Etiqueta
Sin Etiquetas, Sea el primero en etiquetar este registro!
|
| LEADER | 00783nam a22002655a 4500 | ||
|---|---|---|---|
| 001 | CEM.cems017423 | ||
| 005 | 20130422165718.0 | ||
| 008 | 130507s2001##################000#0#####d | ||
| 003 | CEMS | ||
| 020 | |a 9500704285 | ||
| 082 | 0 | 4 | |a C863.4 |
| 100 | 1 | |a García Márquez, Gabriel José de la Concordia | |
| 245 | 1 | 0 | |a Crónica de una muerte anunciada / |c Gabriel García Márquez |
| 250 | |a 77a. ed. | ||
| 260 | |a Buenos Aires : |b Sudamericana, |c 2001. | ||
| 300 | |a 190 p. | ||
| 653 | |a Literatura | ||
| 653 | |a Litaratura colombiana | ||
| 653 | |a Novela | ||
| 653 | |a Literatura colombiana-siglo xx | ||
| 653 | |a Narrativa | ||
| 653 | |a Boom latinoamericanoo | ||
| 653 | |a Narrativa | ||
| 653 | |a Realismo mágico | ||
| 859 | |a CEMS |b BIB. CEMS - Agricultura |h C863.4 |i G165-8a77 |p A0449.02 |t Ej.1 | ||
